Chemical engineering dynamics : (Record no. 1874)

000 -LEADER
fixed length control field 01052nam a22002897a 4500
001 - CONTROL NUMBER
control field 1874
003 - CONTROL NUMBER IDENTIFIER
control field BD-DhUET
008 - FIXED-LENGTH DATA ELEMENTS--GENERAL INFORMATION
fixed length control field 071015s2007 gw a b 001 0 eng
020 ## - INTERNATIONAL STANDARD BOOK NUMBER
International Standard Book Number 9783527316786
040 ## - CATALOGING SOURCE
Original cataloging agency UKM
Transcribing agency UKM
Modifying agency BD-DhUET
082 04 - DEWEY DECIMAL CLASSIFICATION NUMBER
Classification number 660.28155362
Item number ING/2007
100 ## - MAIN ENTRY--PERSONAL NAME
Personal name Ingham, John,
245 00 - TITLE STATEMENT
Title Chemical engineering dynamics :
Remainder of title an introduction to modelling and computer simulation /
Statement of responsibility, etc. John Ingham ... [et al.].
250 ## - EDITION STATEMENT
Edition statement 3rd, completely rev. ed.
260 ## - PUBLICATION, DISTRIBUTION, ETC. (IMPRINT)
Place of publication, distribution, etc. Weinheim :
Name of publisher, distributor, etc. John Wiley, distributor],
Date of publication, distribution, etc. 2007.
300 ## - PHYSICAL DESCRIPTION
Extent xxi, 618 p. :
Other physical details ill. ;
Dimensions 25 cm. +
500 ## - GENERAL NOTE
General note Previous ed.: 2000.
504 ## - BIBLIOGRAPHY, ETC. NOTE
Bibliography, etc Includes bibliographies.
650 #0 - SUBJECT ADDED ENTRY--TOPICAL TERM
Topical term or geographic name as entry element Chemical engineering-Mathematical models
700 ## - ADDED ENTRY--PERSONAL NAME
Personal name Dunn, Irving J.
700 ## - ADDED ENTRY--PERSONAL NAME
Personal name Heinzle, Elmar.
700 ## - ADDED ENTRY--PERSONAL NAME
Personal name Prenosil, Jirl E.
942 ## - ADDED ENTRY ELEMENTS (KOHA)
Koha item type General Book
856 42 - ELECTRONIC LOCATION AND ACCESS
Uniform Resource Identifier http://www.loc.gov/catdir/enhancements/fy0814/2007465742-b.html
856 42 - ELECTRONIC LOCATION AND ACCESS
Uniform Resource Identifier http://www.loc.gov/catdir/enhancements/fy0814/2007465742-d.html
856 41 - ELECTRONIC LOCATION AND ACCESS
Uniform Resource Identifier http://www.loc.gov/catdir/enhancements/fy0814/2007465742-t.html
Holdings
Not for loan Location (home branch) Date acquired Koha full call number Price effective from Koha date last seen Damaged status Lost status Shelving location Piece designation (barcode) Sublocation or collection (holding branch) Koha normalized classification for sorting Koha item type Copy number Source of classification or shelving scheme Withdrawn status
 Central Library, BUET2014-09-14660.28155362/ING/20072014-09-142014-09-14  Circulation section107988Central Library, BUET660_000000000000000_28155362INGeneral Book1  
 Central Library, BUET2014-09-14660.28155362/ING/20072014-09-142014-09-14  Circulation section107989Central Library, BUET660_000000000000000_28155362INGeneral Book2